| 000 | 01233nam0a2200313 4500 | ||
|---|---|---|---|
| 001 | RU\NLR\BIBL_A\022126811 | ||
| 005 | 20250702131010.0 | ||
| 010 |
_a978-5-507-45253-8 _930 |
||
| 035 | _a(NLR Aleph) 022126811 | ||
| 090 |
_a13319773 _c13319773 |
||
| 100 | _a20240206d2023 |||y0rusy50 ca | ||
| 101 | 0 | _arus | |
| 102 | _aRU | ||
| 105 | _aa j 000yy | ||
| 181 | 0 |
_ai _baxxe |
|
| 182 | 0 | _an | |
| 200 | 1 |
_aОсновы микологии _eучебное пособие _fТ. Б. Лисицкая, Т. Д. Великова |
|
| 203 |
_aТекст _bвизуальный _cнепосредственный |
||
| 210 |
_aСанкт-Петербург [и др.] _cЛань _d2023 |
||
| 215 |
_a269 с. _cил. _d21 |
||
| 225 | 1 | _aВысшее образование | |
| 606 | 1 |
_aМикология _jУчебные издания для высших учебных заведений _91248384 _3RU\NLR\AUTH\66193719 |
|
| 686 | 1 | _aЕ591.4я73 | |
| 700 | 1 |
_aЛисицкая _bТ. Б. _gТатьяна Борисовна |
|
| 701 | 1 |
_7ca _8rus _aВеликова _bТ. Д. _gТатьяна Дмитриевна _9167854 _3RU\NLR\AUTH\770167902 |
|
| 942 | _cBOOK | ||
| 980 | _aNB | ||